[Event "9. Lichtenberger Sommer 2010"]
[Site "Berlin"]
[Date "2010.08.11"]
[Round "6.67"]
[White "Nagel, Gerhard"]
[Black "Ziems, Michael"]
[Result "0-1"]
[WhiteElo "1975"]
[BlackElo "1798"]
[PlyCount "82"]
[EventDate "2010.??.??"]
[WhiteTeam "SC Einheit Bautzen"]
[BlackTeam "SV Empor Berlin e.V."]

1. e4 e6 2. d4 d5 3. e5 c5 4. c3 Nc6 5. Nf3 cxd4 6. cxd4 Qb6 7. Be2 Nge7 8. Na3
Nf5 9. Nc2 Bb4+ 10. Kf1 Be7 11. g3 Bd7 12. Kg2 Rc8 13. b4 a6 14. a3 Na7 15. Bd3
g6 16. h4 Ba4 17. Qd2 Nb5 18. Bb2 h5 19. Rac1 Rc6 20. Bxf5 gxf5 21. Nce1 Qc7
22. Nd3 Rc4 23. Nc5 Bxc5 24. Rxc4 dxc4 25. bxc5 Qc6 26. Qe3 Nc7 27. Kh2 Nd5 28.
Qd2 Qb5 29. Rc1 Qb3 30. Ng1 Rg8 31. Ne2 Qf3 32. Ng1 Qb3 33. Ne2 Qd3 34. Qe1 Rg4
35. Nc3 Nxc3 36. Bxc3 f4 37. Bd2 fxg3+ 38. fxg3 Rxg3 39. Rc3 Rh3+ 40. Kg1 Qxd4+
41. Qf2 Rh1+ 0-1

[Event "9. Lichtenberger Sommer 2010"]
[Site "Berlin"]
[Date "2010.08.11"]
[Round "6.68"]
[White "Engelhardt, Erhard"]
[Black "Getzuhn, Detlef"]
[Result "0-1"]
[WhiteElo "1799"]
[BlackElo "1934"]
[PlyCount "144"]
[EventDate "2010.??.??"]
[WhiteTeam "SSV Rotation Berlin e.V."]
[BlackTeam "SV Senat"]

1. f4 e5 2. fxe5 d6 3. exd6 Bxd6 4. Nf3 g5 5. g3 g4 6. Nh4 Ne7 7. d4 Ng6 8.
Nxg6 hxg6 9. Qd3 Nc6 10. c3 f5 11. Bg2 Qe7 12. e4 fxe4 13. Qxe4 Rxh2 14. Qxe7+
Nxe7 15. Kf2 Rxh1 16. Bxh1 Nf5 17. Bf4 Bxf4 18. gxf4 g3+ 19. Kg1 c6 20. Nd2 Be6
21. Re1 Kf7 22. a3 Rh8 23. Nf3 Rxh1+ 24. Kxh1 Bd5 25. Kg2 Nh4+ 26. Kxg3 Nxf3
27. Re2 b5 28. Rf2 Ne1 29. Kg4 Nd3 30. Rh2 Kf6 31. Rd2 Nc1 32. Rh2 a5 33. Rc2
Nd3 34. Rd2 Be6+ 35. Kf3 Nc1 36. Rc2 Nb3 37. Rh2 a4 38. Rh8 Na5 39. Rh2 Nc4 40.
Re2 Kf5 41. Kf2 Bd5 42. Kg3 Be4 43. Rh2 Bd3 44. Kf3 Be4+ 45. Kg3 Ne3 46. Rh8
Ng4 47. Rh4 Nf6 48. Rh2 Nh5+ 49. Kf2 Nxf4 50. Ke3 Bd5 51. Rh8 Kg4 52. Rf8 g5
53. Rh8 Kg3 54. Rf8 Ng2+ 55. Ke2 g4 56. Rf6 Nf4+ 57. Ke3 Nh3 58. Rg6 Nf2 59.
Ke2 Bc4+ 60. Kd2 Ne4+ 61. Ke3 Bd5 62. Rg7 Nd6 63. Kd2 Kf3 64. Rg6 Ne4+ 65. Ke1
Ng3 66. Rf6+ Kg2 67. Rg6 Bf3 68. Rg8 Nh1 69. Rg7 g3 70. Rg6 Nf2 71. Kd2 Bd5 72.
Rg7 Nh3 0-1

[Event "9. Lichtenberger Sommer 2010"]
[Site "Berlin"]
[Date "2010.08.11"]
[Round "6.69"]
[White "Schüler, Wolfgang"]
[Black "Enis, Arpaci"]
[Result "1-0"]
[WhiteElo "1982"]
[BlackElo "1400"]
[PlyCount "115"]
[EventDate "2010.??.??"]
[WhiteTeam "SC Friesen Lichtenberg e.V."]
[BlackTeam "vereinslos"]

1. e4 g6 2. d4 d6 3. Be3 Bg7 4. Nc3 Nf6 5. f3 O-O 6. Qd2 Re8 7. O-O-O b6 8. g4
Ba6 9. h4 Bxf1 10. Rxf1 c5 11. d5 e6 12. Bg5 Na6 13. h5 Nc7 14. hxg6 fxg6 15.
Nge2 exd5 16. exd5 Qd7 17. Nf4 Re5 18. Bxf6 Bxf6 19. Ne4 Qe7 20. c4 Bg5 21.
Nxg5 Qxg5 22. Nd3 Re3 23. f4 Qe7 24. Re1 Rxe1+ 25. Rxe1 Qh4 26. g5 h6 27. Re7
Rc8 28. b3 Qh1+ 29. Kb2 h5 30. Qe2 Kf8 31. Re6 Nxe6 32. Qxe6 Re8 33. Qf6+ Kg8
34. Qxg6+ Kf8 35. Qxd6+ Kg8 36. Qg6+ Kf8 37. Qf6+ Kg8 38. Ne5 Qg2+ 39. Ka3 Rxe5
40. Qxe5 Qd2 41. Qe6+ Kf8 42. Qf5+ Kg8 43. g6 Qb4+ 44. Kb2 Qd2+ 45. Qc2 Qxf4
46. Qd3 Kg7 47. d6 Qf6+ 48. Ka3 Qd8 49. d7 h4 50. Qd6 h3 51. Qe6 h2 52. Qf7+
Kh6 53. Qh7+ Kg5 54. g7 Kf6 55. g8=Q Qxg8 56. Qxg8 h1=Q 57. d8=Q+ Kf5 58. Qdd5+
1-0

[Event "9. Lichtenberger Sommer 2010"]
[Site "Berlin"]
[Date "2010.08.11"]
[Round "6.70"]
[White "Schönemann, Manfred"]
[Black "Keusch, Horst"]
[Result "0-1"]
[WhiteElo "1811"]
[BlackElo "1953"]
[PlyCount "66"]
[EventDate "2010.??.??"]
[WhiteTeam "SV Turbine Berlin e.V."]
[BlackTeam "SC Friesen Lichtenberg e.V."]

1. d4 d5 2. c4 c6 3. e3 Nf6 4. Nc3 g6 5. cxd5 cxd5 6. g3 Bg7 7. Bg2 O-O 8. Nge2
Nc6 9. Nf4 e6 10. O-O b6 11. b3 Ba6 12. Re1 Qd7 13. Ba3 Rfd8 14. Rc1 Rac8 15.
b4 Bc4 16. Nd3 Ne8 17. f4 f6 18. Nb2 Nd6 19. e4 Ne7 20. e5 fxe5 21. fxe5 Ndf5
22. g4 Nh4 23. b5 Bh6 24. Rc2 Rf8 25. Bd6 Rf7 26. Nxc4 Rxc4 27. Rf1 Be3+ 28.
Kh1 Rxd4 29. Qe1 Nxg2 30. Kxg2 Rxg4+ 31. Kh3 Rxf1 32. Qxf1 Rf4 33. Qg2 Nf5 0-1

[Event "9. Lichtenberger Sommer 2010"]
[Site "Berlin"]
[Date "2010.08.11"]
[Round "6.71"]
[White "Streit, Jürgen"]
[Black "Kornijenko, Alexander"]
[Result "1-0"]
[WhiteElo "1946"]
[BlackElo "1366"]
[PlyCount "65"]
[EventDate "2010.??.??"]
[WhiteTeam "Schachzirkel Elstertal Langenber"]
[BlackTeam "vereinslos"]

1. e4 e5 2. Nf3 Nc6 3. Bc4 Nf6 4. d4 exd4 5. e5 d5 6. Bb5 Ne4 7. Nxd4 Bd7 8.
Bxc6 bxc6 9. O-O Be7 10. f3 Nc5 11. Nd2 O-O 12. N2b3 Ne6 13. f4 Qc8 14. Be3 g6
15. f5 Nxd4 16. Nxd4 f6 17. e6 Be8 18. Bh6 c5 19. Bxf8 Bxf8 20. Nb3 c6 21. Qg4
Kg7 22. h4 h5 23. Qf3 Qd8 24. Rae1 d4 25. Qe2 Be7 26. Qc4 Qd6 27. c3 d3 28. Rf3
d2 29. Rd1 Qe5 30. Rxd2 Qe1+ 31. Kh2 Bd6+ 32. Rxd6 Qe5+ 33. Qf4 1-0

[Event "9. Lichtenberger Sommer 2010"]
[Site "Berlin"]
[Date "2010.08.11"]
[Round "6.72"]
[White "Yilmaz, Rahmi"]
[Black "Fleischmann, Torsten"]
[Result "0-1"]
[WhiteElo "1556"]
[BlackElo "1888"]
[PlyCount "62"]
[EventDate "2010.??.??"]
[WhiteTeam "BSC Rehberge 1945 e.V."]
[BlackTeam "Treptower SV 1949 e.V."]

1. d4 d5 2. c4 e5 3. dxe5 d4 4. a3 Nc6 5. Nf3 Bg4 6. Nbd2 Nge7 7. h3 Bxf3 8.
Nxf3 Ng6 9. e3 dxe3 10. Bxe3 Ngxe5 11. Be2 Qf6 12. O-O Be7 13. Qb3 O-O 14. Rad1
b6 15. Qc2 Rad8 16. Ng5 Ng6 17. Bd3 Nd4 18. Qc3 c5 19. Rd2 Qe5 20. Ne4 f5 21.
f4 Qe6 22. Bxd4 cxd4 23. Qc2 fxe4 24. Bxe4 Nxf4 25. Bxh7+ Kh8 26. Kh1 d3 27.
Bxd3 Nxd3 28. Rxf8+ Bxf8 29. Rxd3 Qe1+ 30. Kh2 Bd6+ 31. g3 Bxg3+ 0-1

[Event "9. Lichtenberger Sommer 2010"]
[Site "Berlin"]
[Date "2010.08.11"]
[Round "6.73"]
[White "Schild, Reinhard"]
[Black "Mehringer, Jörg"]
[Result "0-1"]
[WhiteElo "1696"]
[BlackElo "1894"]
[PlyCount "64"]
[EventDate "2010.??.??"]
[WhiteTeam "SG Weißensee 49 e.V."]
[BlackTeam "SC Weisse Dame e.V."]

1. d4 Nf6 2. Nf3 g6 3. e3 Bg7 4. Nbd2 O-O 5. c4 d6 6. Be2 Nc6 7. O-O e5 8. d5
Ne7 9. e4 Ne8 10. Qb3 h6 11. h3 f5 12. exf5 Nxf5 13. Ne4 Nf6 14. Nxf6+ Qxf6 15.
Bd3 b6 16. Be4 Ne7 17. Bd2 Bf5 18. Rae1 Bxe4 19. Rxe4 Nf5 20. Qd3 Kh8 21. g4
Ne7 22. Kg2 g5 23. Rh1 Ng6 24. Qe2 Rf7 25. h4 Raf8 26. hxg5 Qxf3+ 27. Qxf3 Rxf3
28. Be3 Kh7 29. gxh6 Bh8 30. Rh5 R3f4 31. Bxf4 Nxf4+ 32. Rxf4 Rxf4 0-1

[Event "9. Lichtenberger Sommer 2010"]
[Site "Berlin"]
[Date "2010.08.11"]
[Round "6.74"]
[White "Glöß, Henrik"]
[Black "Mühlhan, Klaus"]
[Result "0-1"]
[WhiteElo "1678"]
[BlackElo "1932"]
[PlyCount "92"]
[EventDate "2010.??.??"]
[WhiteTeam "Sfr.Nord-Ost Berlin"]
[BlackTeam "SC Empor Potsdam 1952 e.V."]

1. d4 Nf6 2. c4 c5 3. d5 b5 4. cxb5 a6 5. Nc3 axb5 6. Nxb5 Ba6 7. Nc3 g6 8. e4
Bxf1 9. Kxf1 d6 10. Nge2 Bg7 11. Rb1 Qa5 12. a3 O-O 13. Bf4 Nbd7 14. Qd2 Rfb8
15. f3 Nh5 16. Be3 Ne5 17. Qc1 Qa6 18. g4 Nf6 19. Kg2 Rb3 20. Qc2 Rab8 21. Rhd1
Nfd7 22. h4 Nc4 23. Bc1 Nxa3 24. Ra1 Nxc2 25. Rxa6 Nd4 26. Nxd4 Bxd4 27. Ra7
Ne5 28. Rxe7 Bxc3 29. bxc3 Rxc3 30. Rf1 Kg7 31. Bf4 Nc4 32. e5 dxe5 33. Bxe5+
Nxe5 34. Rxe5 Rb2+ 35. Rf2 Rcc2 36. Rxc2 Rxc2+ 37. Kf1 Kf6 38. f4 Rd2 39. g5+
Kg7 40. Ke1 Rd4 41. d6 Rxd6 42. Re4 Re6 43. Rxe6 fxe6 44. Kd2 Kf7 45. Kd3 Ke7
46. Kc4 Kd6 0-1

[Event "9. Lichtenberger Sommer 2010"]
[Site "Berlin"]
[Date "2010.08.11"]
[Round "6.75"]
[White "Junge, Wolfgang"]
[Black "Laurin, Dirk"]
[Result "1-0"]
[WhiteElo "1745"]
[BlackElo "1339"]
[PlyCount "73"]
[EventDate "2010.??.??"]
[WhiteTeam "SC Friesen Lichtenberg e.V."]
[BlackTeam "SG Narva Berlin e.V."]

1. g4 Nf6 2. g5 Ne4 3. d3 Nc5 4. Bg2 g6 5. d4 Ne6 6. d5 Nc5 7. Qd4 Rg8 8. Qxc5
d6 9. Qb5+ Nd7 10. Nc3 Bg7 11. Bd2 a6 12. Qa4 b6 13. O-O-O Bb7 14. f4 f5 15.
gxf6 Bxf6 16. Ne4 b5 17. Qb3 Bg7 18. Qe3 h6 19. Bb4 Nf6 20. Nxf6+ Bxf6 21. Bc3
Bxc3 22. Qxc3 Bc8 23. Bh3 Bxh3 24. Qxh3 Qd7 25. Qxd7+ Kxd7 26. e4 Rgf8 27. Ne2
c6 28. dxc6+ Kxc6 29. Nd4+ Kb6 30. Rhf1 Rf6 31. Rf3 Raf8 32. Rdf1 Kc5 33. e5
dxe5 34. fxe5 Kxd4 35. exf6 Ke4 36. fxe7 Re8 37. Rf8 1-0

[Event "9. Lichtenberger Sommer 2010"]
[Site "Berlin"]
[Date "2010.08.11"]
[Round "6.76"]
[White "Möller, Dirk"]
[Black "Lang, Martin"]
[Result "0-1"]
[WhiteElo "1621"]
[BlackElo "1945"]
[PlyCount "46"]
[EventDate "2010.??.??"]
[WhiteTeam "SC Kreuzberg e.V."]
[BlackTeam "SC Zugzwang 95 e.V."]

1. e4 c5 2. Nf3 e6 3. d4 cxd4 4. Nxd4 a6 5. Nc3 Nc6 6. Be3 Bb4 7. Qd2 Nf6 8. f3
d5 9. Nxc6 bxc6 10. e5 Nd7 11. f4 O-O 12. O-O-O Qa5 13. Kb1 Rb8 14. Qd3 Bxc3
15. b3 c5 16. h4 c4 17. Qe2 Nc5 18. Bxc5 Qxc5 19. Rh3 cxb3 20. cxb3 d4 21. Rc1
Bd7 22. Qf2 Qa5 23. Qc2 Rfc8 0-1

[Event "9. Lichtenberger Sommer 2010"]
[Site "Berlin"]
[Date "2010.08.11"]
[Round "6.77"]
[White "Toumbeli, Zoi"]
[Black "Meinicke, Kurt"]
[Result "1-0"]
[WhiteElo "1994"]
[BlackElo "1120"]
[PlyCount "91"]
[EventDate "2010.??.??"]
[WhiteTeam "Patras Chess Club"]
[BlackTeam "vereinslos"]

1. Nf3 d5 2. d4 c5 3. c3 Nc6 4. Bg5 h6 5. Bh4 Qb6 6. Qb3 c4 7. Qxb6 axb6 8.
Nbd2 g5 9. Bg3 Bf5 10. e3 Bg7 11. Be2 Nf6 12. O-O O-O 13. a3 b5 14. Ne5 Rfe8
15. f3 Nd7 16. Nxd7 Bxd7 17. e4 e6 18. e5 Ne7 19. Bf2 Rf8 20. Bd1 Ng6 21. Bc2
Nf4 22. Rae1 Rae8 23. Be3 Nd3 24. Bxd3 cxd3 25. Nb3 b6 26. Nc1 b4 27. axb4 Bb5
28. Rf2 f6 29. exf6 Bxf6 30. Rd1 e5 31. dxe5 Rxe5 32. Bd4 Re1+ 33. Rxe1 Bxd4
34. cxd4 Rf4 35. Rd2 Rxd4 36. Re3 Rc4 37. Nxd3 d4 38. Re6 Bd7 39. Rxb6 Bf5 40.
Rb5 Bxd3 41. Rxd3 Rc1+ 42. Kf2 Rc2+ 43. Kg3 h5 44. Rxg5+ Kh7 45. Rxh5+ Kg6 46.
Rc5 1-0

[Event "9. Lichtenberger Sommer 2010"]
[Site "Berlin"]
[Date "2010.08.11"]
[Round "6.78"]
[White "Paris, Gerhard"]
[Black "Körner, Helmut"]
[Result "0-1"]
[WhiteElo "1654"]
[BlackElo "1965"]
[PlyCount "90"]
[EventDate "2010.??.??"]
[WhiteTeam "TSG Oberschöneweide e.V."]
[BlackTeam "Sfr.Nord-Ost Berlin"]

1. e4 d5 2. e5 c5 3. Bb5+ Nc6 4. Nf3 Bg4 5. O-O e6 6. c3 Qb6 7. Bxc6+ bxc6 8.
h3 Bf5 9. Qb3 Bd3 10. Qxb6 axb6 11. Re1 Ne7 12. Na3 Ng6 13. Re3 c4 14. b4 Nf4
15. Nd4 Kd7 16. Rf3 g5 17. Kh2 Be4 18. Rg3 Nd3 19. f3 Bg6 20. Nac2 Nxe5 21.
Rxg5 Bh6 22. Rxe5 Bf4+ 23. g3 Bxe5 24. f4 Bd6 25. Ne3 Bd3 26. a3 f6 27. Nf3
Rhg8 28. Ng4 Ke7 29. Bb2 Be2 30. Kg2 h5 31. Nd4 hxg4 32. Nxe2 gxh3+ 33. Kh2 c5
34. Rf1 e5 35. fxe5 fxe5 36. Rf5 Raf8 37. Rxf8 Rxf8 38. Kxh3 Rf2 39. Ng1 Rxd2
40. Bc1 Rc2 41. Bg5+ Ke6 42. Bd8 Rxc3 43. Bxb6 cxb4 44. a4 b3 45. Ne2 Rc2 0-1

[Event "9. Lichtenberger Sommer 2010"]
[Site "Berlin"]
[Date "2010.08.11"]
[Round "6.80"]
[White "Tolle, Gerd"]
[Black "Schmalzried, Volker"]
[Result "0-1"]
[WhiteElo "1500"]
[BlackElo "1853"]
[PlyCount "22"]
[EventDate "2010.??.??"]
[WhiteTeam "SV Gundeldingen"]
[BlackTeam "Umweltbundesamt"]

1. e4 g6 2. d4 Bg7 3. c3 c5 4. Nf3 cxd4 5. cxd4 d5 6. exd5 Qxd5 7. Nc3 Qa5 8.
Bc4 Nf6 9. O-O O-O 10. Re1 Qc7 11. h3 Qxc4 0-1

[Event "9. Lichtenberger Sommer 2010"]
[Site "Berlin"]
[Date "2010.08.11"]
[Round "6.81"]
[White "Werninghaus, Klaus Peter"]
[Black "Albinus, Günter"]
[Result "1/2-1/2"]
[WhiteElo "1636"]
[BlackElo "1847"]
[PlyCount "46"]
[EventDate "2010.??.??"]
[WhiteTeam "Dortmunder Schachverein 1875"]
[BlackTeam "SG Weißensee 49 e.V."]

1. c4 Nf6 2. Nc3 e6 3. g3 d5 4. cxd5 exd5 5. d4 c6 6. Bg2 Be7 7. Nf3 h6 8. O-O
Bf5 9. Nd2 Nbd7 10. e4 dxe4 11. Ndxe4 Be6 12. a3 O-O 13. b4 a5 14. b5 cxb5 15.
Nxf6+ Bxf6 16. Bf4 Bc4 17. Re1 Nb6 18. Rb1 Nd5 19. Nxd5 Bxd5 20. Rxb5 Bxg2 21.
Kxg2 Re8 22. Be5 Bxe5 23. dxe5 Qc7 1/2-1/2

[Event "9. Lichtenberger Sommer 2010"]
[Site "Berlin"]
[Date "2010.08.11"]
[Round "6.82"]
[White "Hübner, Alan-Ari"]
[Black "Metin, Altug"]
[Result "1-0"]
[WhiteElo "1558"]
[BlackElo "1748"]
[PlyCount "65"]
[EventDate "2010.??.??"]
[WhiteTeam "TuS Makkabi Berlin e.V."]
[BlackTeam "vereinslos"]

1. d4 d5 2. c4 e5 3. dxe5 d4 4. Nf3 Nc6 5. a3 Nge7 6. e3 Bg4 7. Be2 Ng6 8. O-O
Bxf3 9. Bxf3 Ngxe5 10. Bd5 dxe3 11. Bxe3 Qh4 12. Qe2 O-O-O 13. Nc3 Bd6 14. g3
Qh3 15. Bg2 Qf5 16. Rad1 h5 17. Rd5 Qh7 18. f4 Ng4 19. Be4 g6 20. f5 Nxe3 21.
Qxe3 h4 22. fxg6 fxg6 23. g4 h3 24. Rh5 Qd7 25. Rg5 Rh4 26. Qe2 Ne5 27. Rxg6
Bc5+ 28. Kh1 Qd4 29. Bf5+ Kb8 30. Rd1 Nd3 31. Qxd3 Qxd3 32. Rxd3 Re8 33. Re6
1-0

[Event "9. Lichtenberger Sommer 2010"]
[Site "Berlin"]
[Date "2010.08.11"]
[Round "6.83"]
[White "Berg, Gerd"]
[Black "Lieder, Günter"]
[Result "1/2-1/2"]
[WhiteElo "1677"]
[BlackElo "1868"]
[PlyCount "81"]
[EventDate "2010.??.??"]
[WhiteTeam "SK König Tegel 1949 e.V."]
[BlackTeam "SK Turm Bad Hersfeld"]

1. c4 c5 2. Nc3 Nc6 3. Nf3 Nf6 4. g3 g6 5. Bg2 Bg7 6. d3 d6 7. O-O O-O 8. Rb1
Bg4 9. h3 Bd7 10. Kh2 a6 11. Bd2 Rb8 12. Ng5 b5 13. b3 e6 14. Nce4 Qe7 15. Qc1
Nd4 16. Re1 b4 17. Nxf6+ Bxf6 18. Ne4 Bg7 19. e3 Nc6 20. f4 f5 21. Nf2 Rbc8 22.
Qd1 Nd8 23. Bc1 Bc6 24. d4 Bxg2 25. Kxg2 Qb7+ 26. Kh2 Nf7 27. Bb2 Rcd8 28. d5
exd5 29. Bxg7 Kxg7 30. cxd5 Rfe8 31. Rb2 Re7 32. e4 Rde8 33. Rbe2 Kg8 34. exf5
gxf5 35. Re6 Nd8 36. Rxe7 Rxe7 37. Rxe7 Qxe7 38. Qh5 Qd7 39. Qg5+ Kf8 40. Qf6+
Kg8 41. Qg5+ 1/2-1/2

[Event "9. Lichtenberger Sommer 2010"]
[Site "Berlin"]
[Date "2010.08.11"]
[Round "6.84"]
[White "Stiewe, Frank"]
[Black "Rudolph, Stephanie"]
[Result "1-0"]
[WhiteElo "1379"]
[BlackElo "1890"]
[PlyCount "73"]
[EventDate "2010.??.??"]
[WhiteTeam "vereinslos"]
[BlackTeam "SC Friesen Lichtenberg e.V."]

1. e4 c5 2. Nf3 Nc6 3. d4 cxd4 4. Nxd4 e5 5. Nf3 Nf6 6. Bd3 d5 7. Qe2 dxe4 8.
Bxe4 Nxe4 9. Qxe4 Bd6 10. O-O O-O 11. Rd1 Re8 12. Nc3 Nd4 13. Be3 Bf5 14. Qxb7
Nxc2 15. Rac1 Nxe3 16. fxe3 Qe7 17. Qc6 Rad8 18. Nd5 Qf8 19. Nc7 Bxc7 20. Qxc7
Rxd1+ 21. Rxd1 f6 22. Nh4 Be6 23. a3 Qe7 24. Qxe7 Rxe7 25. Nf3 a5 26. Rd6 a4
27. Nd2 Kf7 28. Ne4 Rc7 29. Rb6 Rc2 30. Nd6+ Kg6 31. Rb4 Bb3 32. Rg4+ Kh5 33.
Rxg7 Rxb2 34. h3 Bc2 35. e4 Rb3 36. Kh2 Rb6 37. Nf5 1-0

[Event "9. Lichtenberger Sommer 2010"]
[Site "Berlin"]
[Date "2010.08.11"]
[Round "6.85"]
[White "Schmitt, Jens-Ole"]
[Black "Bandsom, Olaf"]
[Result "0-1"]
[WhiteElo "1339"]
[BlackElo "1779"]
[PlyCount "62"]
[EventDate "2010.??.??"]
[WhiteTeam "SG Narva Berlin e.V."]
[BlackTeam "SC Friesen Lichtenberg e.V."]

1. e4 e5 2. Nf3 Nc6 3. Bb5 a6 4. Ba4 Nf6 5. O-O Be7 6. Re1 b5 7. Bb3 O-O 8. c3
d6 9. h3 Be6 10. d4 exd4 11. cxd4 Bxb3 12. axb3 Nd7 13. Qc2 Nb4 14. Qc3 c5 15.
dxc5 dxc5 16. Rd1 Qc7 17. Bf4 Qxf4 18. Rxd7 Qxe4 19. Nbd2 Qe6 20. Rb7 Nd5 21.
Qe5 Qxe5 22. Nxe5 Bf6 23. Ndf3 Nb4 24. Nd7 Rfe8 25. Nxc5 Bxb2 26. Ra5 Bc3 27.
Rd7 Nd3 28. Ra2 Nxc5 29. Rc7 Rac8 30. Rxc8 Rxc8 31. Rc2 b4 0-1

[Event "9. Lichtenberger Sommer 2010"]
[Site "Berlin"]
[Date "2010.08.11"]
[Round "6.86"]
[White "Reichert, Lutz"]
[Black "Radßat, Rene"]
[Result "1-0"]
[WhiteElo "1778"]
[BlackElo "1600"]
[PlyCount "52"]
[EventDate "2010.??.??"]
[WhiteTeam "Schwarz-Weiß Neukölln e.V."]
[BlackTeam "SV Bad Schwartau von 1930"]

1. g3 Nf6 2. Bg2 g6 3. c4 Bg7 4. Nf3 d6 5. Nc3 c6 6. d3 O-O 7. O-O e5 8. Rb1 a5
9. a3 Na6 10. b4 axb4 11. axb4 Re8 12. Bg5 h6 13. Bxf6 Qxf6 14. b5 Nc5 15. Nd2
Bd7 16. Nce4 Nxe4 17. Nxe4 Qe7 18. bxc6 Bxc6 19. Qb3 Reb8 20. Ra1 Qc7 21. Rxa8
Rxa8 22. Rb1 f5 23. Nxd6 Bf8 24. c5+ Kg7 25. Bxc6 Bxd6 26. Qxb7 Rb8 1-0

[Event "9. Lichtenberger Sommer 2010"]
[Site "Berlin"]
[Date "2010.08.11"]
[Round "6.87"]
[White "Prix, Siegfried"]
[Black "Westphal, Julian"]
[Result "1/2-1/2"]
[WhiteElo "1781"]
[BlackElo "1698"]
[PlyCount "90"]
[EventDate "2010.??.??"]
[WhiteTeam "Sfrd. Berlin 1903 e.V."]
[BlackTeam "TSG Oberschöneweide e.V."]

1. e4 e6 2. d4 d5 3. Nc3 dxe4 4. Nxe4 Be7 5. Nf3 Nf6 6. Bd3 O-O 7. O-O Nbd7 8.
c3 b6 9. Re1 Bb7 10. Bf4 Nxe4 11. Bxe4 Bxe4 12. Rxe4 Nf6 13. Re1 Bd6 14. Ne5
Rc8 15. Nc6 Qd7 16. Ne5 Qe7 17. Qf3 c5 18. dxc5 Rxc5 19. Rad1 Qc7 20. Nd3 Bxf4
21. Qxf4 Qxf4 22. Nxf4 Rcc8 23. Re2 Rfd8 24. Red2 Rxd2 25. Rxd2 Kf8 26. Kf1 Ke7
27. f3 Rd8 28. Ke2 Rxd2+ 29. Kxd2 Kd6 30. Kd3 Ke5 31. g3 Nd5 32. Nxd5 Kxd5 33.
c4+ Kc5 34. Kc3 e5 35. b4+ Kd6 36. Kd3 f5 37. a4 g5 38. h3 h5 39. Ke3 a5 40.
c5+ bxc5 41. b5 c4 42. Kd2 g4 43. hxg4 hxg4 44. fxg4 fxg4 45. Kc3 Kd5 1/2-1/2

[Event "9. Lichtenberger Sommer 2010"]
[Site "Berlin"]
[Date "2010.08.11"]
[Round "6.88"]
[White "Opitz, Stefanie"]
[Black "Kasper, Peter"]
[Result "0-1"]
[WhiteElo "1156"]
[BlackElo "1846"]
[PlyCount "106"]
[EventDate "2010.??.??"]
[WhiteTeam "TSG Oberschöneweide e.V."]
[BlackTeam "SG Eckturm"]

1. e4 c6 2. Nc3 d5 3. exd5 cxd5 4. d4 Bf5 5. Nf3 h6 6. Bf4 a6 7. g3 e6 8. Bg2
Bb4 9. O-O Nc6 10. a3 Bd6 11. Bxd6 Qxd6 12. Ne2 Rc8 13. b3 Na7 14. c3 Ne7 15.
Nd2 Bd3 16. Re1 Bxe2 17. Rxe2 Rxc3 18. b4 O-O 19. Nf3 Rc4 20. Rc2 Rfc8 21. Rac1
Rxc2 22. Rxc2 Rxc2 23. Qxc2 Nb5 24. Qb3 Nf5 25. Qa4 Qc6 26. Bf1 Nfxd4 27. Nxd4
Nxd4 28. Qxc6 Nxc6 29. f4 Nd4 30. Bd3 f6 31. Kf2 Kf7 32. Ke3 e5 33. fxe5 fxe5
34. h4 Kf6 35. Bb1 Nf5+ 36. Kf2 e4 37. Ba2 Ke5 38. h5 b6 39. g4 Nd4 40. Bb1 a5
41. bxa5 bxa5 42. Ke3 Ne6 43. Bc2 d4+ 44. Kf2 Kf4 45. Bb3 Nc5 46. Bd1 d3 47.
Kf1 Nd7 48. Ba4 Ne5 49. Kf2 Nxg4+ 50. Ke1 Nf6 51. Kd2 Nxh5 52. Bc6 Nf6 53. Bxe4
Kxe4 0-1

[Event "9. Lichtenberger Sommer 2010"]
[Site "Berlin"]
[Date "2010.08.11"]
[Round "6.89"]
[White "Mildenberger, Hans"]
[Black "Bensch, Wolfgang"]
[Result "1/2-1/2"]
[WhiteElo "1625"]
[BlackElo "1694"]
[PlyCount "45"]
[EventDate "2010.??.??"]
[WhiteTeam "BVG Helmholz"]
[BlackTeam "SC Eintracht Berlin e.V."]

1. e4 e6 2. d4 d5 3. e5 c5 4. c3 Nc6 5. Nf3 Qb6 6. Be2 Nh6 7. O-O Nf5 8. dxc5
Bxc5 9. a3 a5 10. Bd3 Bd7 11. Qc2 g6 12. Bg5 Be7 13. Bxe7 Ncxe7 14. Nbd2 O-O
15. a4 Qc7 16. Rfe1 Nc6 17. Nb3 b6 18. Qd2 Qd8 19. g4 Nh4 20. Nxh4 Qxh4 21. f3
Kg7 22. Bb5 Be8 23. Qf2 1/2-1/2

[Event "9. Lichtenberger Sommer 2010"]
[Site "Berlin"]
[Date "2010.08.11"]
[Round "6.90"]
[White "Junghänel, Dieter"]
[Black "Scheck, Gero"]
[Result "0-1"]
[WhiteElo "1714"]
[BlackElo "1267"]
[PlyCount "131"]
[EventDate "2010.??.??"]
[WhiteTeam "SV Motor Wildau e.V."]
[BlackTeam "TSG Oberschöneweide e.V."]

1. b4 Nf6 2. Bb2 d5 3. e3 Nbd7 4. d4 e6 5. a3 Bd6 6. Nd2 O-O 7. c4 dxc4 8. Bxc4
b6 9. Ngf3 Bb7 10. Bd3 c5 11. Nc4 Be7 12. dxc5 bxc5 13. b5 a6 14. bxa6 Bxa6 15.
Qc2 Qc7 16. e4 Bd6 17. Bxf6 Nxf6 18. O-O Rfe8 19. Rfe1 e5 20. Nfd2 Ra7 21. Re3
Nd7 22. Qc3 Nb6 23. Nxb6 Qxb6 24. Rb1 Qc6 25. Bc2 Rc8 26. Rg3 Bb7 27. f4 f6 28.
f5 Kf8 29. Qf3 c4 30. Qh5 h6 31. Qg6 Rc7 32. Qh7 Ke8 33. Rxg7 Rxg7 34. Qxg7 Bf8
35. Qg6+ Ke7 36. h3 c3 37. Nc4 Qe8 38. Qg3 Qa8 39. Qe3 Ke8 40. Nb6 Qd8 41. Ba4+
Kf7 42. Bb3+ Ke8 43. Rd1 Qc7 44. Rd7 Bc5 45. Rxc7 Bxe3+ 46. Kh2 Bxb6 47. Rh7
Bxe4 48. Rxh6 Rg7 49. g4 c2 50. Bxc2 Bxc2 51. Rxf6 Bd8 52. Rc6 Rc7 53. Re6+ Re7
54. Rc6 Bb3 55. f6 Re6 56. Rc3 e4 57. Rxb3 e3 58. g5 e2 59. Rb1 e1=Q 60. Rxe1
Rxe1 61. h4 Re3 62. a4 Kf7 63. h5 Bxf6 64. gxf6 Kxf6 65. Kg2 Kg5 66. Kf2 0-1

[Event "9. Lichtenberger Sommer 2010"]
[Site "Berlin"]
[Date "2010.08.11"]
[Round "6.91"]
[White "Petersen, Moritz"]
[Black "Becker, Uwe"]
[Result "0-1"]
[WhiteElo "1287"]
[BlackElo "1801"]
[PlyCount "78"]
[EventDate "2010.??.??"]
[WhiteTeam "KSC Strausberg Abt. Schach"]
[BlackTeam "SV Glück auf Rüdersdorf e.V."]

1. d4 Nf6 2. e3 e6 3. Bd3 d5 4. Nf3 c5 5. c3 Nc6 6. O-O a6 7. Nbd2 Bd6 8. dxc5
Bxc5 9. e4 Qc7 10. Re1 O-O 11. Qc2 h6 12. exd5 exd5 13. Nb3 Bd6 14. h3 Bd7 15.
Be3 Bf4 16. Nbd4 Rfe8 17. Nxc6 Bxc6 18. Bd4 Qd6 19. Rad1 Rad8 20. Nh4 Bd7 21.
Nf5 Bxf5 22. Bxf5 Be5 23. Qd2 Re7 24. Qe3 Rde8 25. Bxe5 Rxe5 26. Qd2 Rxf5 27.
Rxe8+ Nxe8 28. Re1 Nf6 29. Qd4 Qf4 30. Qxf4 Rxf4 31. Re7 b5 32. Ra7 Ra4 33. a3
Kf8 34. Kf1 Ke8 35. f3 Nd7 36. g3 Ne5 37. Ke2 Nc6 38. Rc7 Rc4 39. Kd3 Ne5+ 0-1

[Event "9. Lichtenberger Sommer 2010"]
[Site "Berlin"]
[Date "2010.08.11"]
[Round "6.92"]
[White "Kaufmann, Mathias"]
[Black "Ollek, Karl-Heinz"]
[Result "0-1"]
[WhiteElo "1569"]
[BlackElo "1838"]
[PlyCount "137"]
[EventDate "2010.??.??"]
[WhiteTeam "vereinslos"]
[BlackTeam "SC Friesen Lichtenberg e.V."]

1. c4 e5 2. g3 Nf6 3. d3 Be7 4. Bg2 O-O 5. Nf3 d6 6. O-O c6 7. Nc3 Na6 8. a3
Rb8 9. Bd2 Nc5 10. b4 Ne6 11. Rb1 b5 12. cxb5 cxb5 13. Be3 a6 14. Ba7 Ra8 15.
Be3 Bb7 16. Ne1 Bxg2 17. Nxg2 d5 18. d4 Ng4 19. Rc1 Rc8 20. Qd2 exd4 21. Bxd4
Nxd4 22. Qxd4 Bf6 23. Qxg4 Rxc3 24. Rxc3 Bxc3 25. Rb1 Re8 26. e3 Qe7 27. Rc1
Bb2 28. Qc8 Bxc1 29. Qxc1 Qe4 30. Nf4 d4 31. Qc7 dxe3 32. fxe3 Qxe3+ 33. Kg2 g5
34. Nh3 Qe4+ 35. Kg1 Qe1+ 36. Kg2 Re2+ 37. Kf3 Re3+ 38. Kg4 Re7 39. Qd8+ Kg7
40. Nxg5 Qe2+ 41. Kh4 f6 42. Nh3 h5 43. Nf2 Qe5 44. Kh3 Qe6+ 45. Kg2 Rd7 46.
Qa8 Qd5+ 47. Qxd5 Rxd5 48. Kf3 Kg6 49. Ke4 Rd2 50. Nd3 f5+ 51. Kd4 Kg5 52. h3
Ra2 53. Nc5 Rxa3 54. Ne6+ Kf6 55. Nf4 Kg5 56. Ne6+ Kh6 57. Nc5 Rxg3 58. Nxa6 f4
59. Nc5 Rxh3 60. Nd3 Rxd3+ 61. Kxd3 Kg5 62. Ke2 Kg4 63. Kf2 h4 64. Kg2 h3+ 65.
Kg1 Kf3 66. Kh1 Ke2 67. Kg1 f3 68. Kh1 h2 69. Kxh2 0-1